[Event "DEM U12 2012"]
[Site "Oberhof GER"]
[Date "2012.05.31"]
[Round "8"]
[White "Hacklinger, Dilan"]
[Black "Frank, Kamila"]
[Result "1/2-1/2"]
[Termination "normal"]
[Board "48"]
[WhiteElo "1151"]
[BlackElo "932"]
[PlyCount "50"]
[WhiteFideId "12952150"]
[BlackFideId "12952222"]
[EventCountry "GER"]
[EventRounds "11"]
[EventType "swiss"]
[EventDate "2012.05.26"]

1. e4 e5 2. f4 d6 3. Nf3 Nc6 4. Nc3 Nf6 5. Bc4 h6 6. O-O Be6 7. Bxe6 fxe6 8. d3
exf4 9. Bxf4 e5 10. Be3 d5 11. exd5 Nxd5 12. Qd2 Bb4 13. Rae1 Qd6 14. Nxe5 Nxe5
15. Bd4 Bc5 16. Bxc5 Qxc5+ 17. d4 Qd6 18. dxe5 Qc5+ 19. Qf2 Qxf2+ 20. Rxf2 Nxc3
21. bxc3 O-O-O 22. Rf7 g5 23. e6 Rhf8 24. Rh7 Rf6 25. e7 Re8 1/2-1/2

[Event "DEM U12 2012"]
[Site "Oberhof GER"]
[Date "2012.05.31"]
[Round "8"]
[White "Schumacher, Aaron"]
[Black "Friedrich, Laura"]
[Result "1-0"]
[Termination "normal"]
[Board "49"]
[WhiteElo "1087"]
[BlackElo "840"]
[PlyCount "145"]
[BlackFideId "12952249"]
[EventCountry "GER"]
[EventRounds "11"]
[EventType "swiss"]
[EventDate "2012.05.26"]

1. d4 d5 2. Bf4 Nc6 3. e3 Nf6 4. c3 Bg4 5. Nf3 e6 6. Nbd2 Be7 7. Bd3 O-O 8. h3
Bh5 9. Qe2 Bd6 10. Bxd6 Qxd6 11. O-O-O Bxf3 12. Nxf3 a5 13. g4 a4 14. a3 Na5
15. g5 Nb3+ 16. Kb1 Nh5 17. Nh4 g6 18. Qc2 Qb6 19. Rhg1 c5 20. dxc5 Qxc5 21. e4
d4 22. cxd4 Qxc2+ 23. Bxc2 Rad8 24. d5 Nf4 25. dxe6 Rxd1+ 26. Rxd1 fxe6 27. e5
Nxh3 28. Bxb3 axb3 29. Rd3 Nxf2 30. Rxb3 Rb8 31. Rb6 Ne4 32. Nf3 Nc5 33. b4 Nd3
34. Rxe6 Kf7 35. Rf6+ Kg7 36. e6 Rc8 37. Rf7+ Kg8 38. Rxb7 Rc1+ 39. Ka2 Rc2+
40. Kb3 Rc8 41. a4 Re8 42. Kc3 Nf4 43. Nd4 Nxe6 44. Nxe6 Rxe6 45. Rb8+ Kg7 46.
Rb7+ Kg8 47. a5 Ra6 48. Kb3 h5 49. gxh6 g5 50. h7+ Kh8 51. Rb5 g4 52. Rg5 Kxh7
53. Rxg4 Kh6 54. Ka4 Kh5 55. b5 Ra8 56. Rg1 Kh4 57. b6 Rb8 58. Kb5 Kh3 59. a6
Kh2 60. a7 Ra8 61. b7 Rxa7 62. b8=Q+ Kxg1 63. Qxa7+ Kg2 64. Qf7 Kg3 65. Qf5 Kg2
66. Qf4 Kg1 67. Qd2 Kf1 68. Kc4 Kg1 69. Qe2 Kh1 70. Kd4 Kg1 71. Ke3 Kh1 72. Kf3
Kg1 73. Qg2# 1-0